Statistics for Vanuatu First Level Subdivisions

Click here to take the quiz!

General Stats

  • This quiz has been taken 76 times
  • The average score is 4 of 6

Answer Stats

Provinces% Correct
Shefa
80%
Torba
75%
Malampa
60%
Penama
60%
Sanma
60%
Tafea
60%

Score Distribution

Percentile by Number Answered

Percent of People with Each Score

Your Score History

You have not taken this quiz